000 01223nam a2200253 i 4500
001 154833
003 ES-MaACL
005 20250831121729.0
008 931025s1861 sp |||| | spa d
100 1 _aGüell y Ferrer, Juan (
_d1800-1872)
_9127737
245 1 0 _aRefutación de los discursos pronunciados por el... Sr. D. Luis M. Pastor y otros oradores en varias sesiones de la Asociación para la reforma de Aranceles /
_cpor Don Juan Güell y Ferrer, diputado a Cortes...
260 _aBarcelona :
_b[s.n.],
_c1861 (
_fEst. Tip. de Narciso Ramirez)
300 _a106 p. ;
_c26 cm.
530 _aDisponible en formato digital.
650 4 _aLibre cambio-
_zEspaña-
_yS.XIX
_914422
700 1 _aPastor, Luis María.
_989484
710 2 _aAsociación para la Reforma de los Aranceles de Aduanas
_91779
852 4 _aES-MaACL
_jT-65-F-4
_z- Enc. hol.
_z- Enc. en un vol. facticio
852 4 _aES-MaACL
_jT-666-F-12
_z- Enc. hol.
_z- Enc. en un vol. facticio
852 4 _aES-MaACL
_jT-1278-F-2
_z- Enc. hol.
_z- Enc. en un vol. facticio
856 4 _uhttps://patrimoniodigital.ucm.es/s/patrimonio/item/591787
_zPatrimonio Digital Complutense
942 _2udc
999 _c154833
_d154833